000 00607nas a2200217 4500
001 BR9103041
003 BR-BrBNA
005 20231205092040.0
007 ta
008 230509b bl.|||p| |||| 00| 00por d
040 _aBR-BrBNA
_bpor
_cBiblioteca Nacional de Agricultura
041 _a(Pt)
072 _aH20
100 1 _aFernandes, F.T.
245 1 _aDoencas da cultura do milho
650 _aMILHO
650 _aDOENCA DE PLANTA
773 0 _tGado Holandes (Brazil)
_xISSN 0100-7977
_g(Nov 1990), v. 56(180) p. 25-29
_wBR9103041
909 _a202311
_bLúcia
_c55
_dLúcia Elande
942 _2AGRIS
_n0
_cANA
999 _c128934
_d128934